Catulle Mendès (Record no. 54443)

MARC details
000 -LEADER
campo de control de longitud fija 00593nam a2200205 i 4500
001 - NÚMERO DE CONTROL
campo de control 54443
003 - IDENTIFICADOR DE NÚMERO DE CONTROL
campo de control ES-MaACL
005 - FECHA Y HORA DE LA ÚLTIMA TRANSACCIÓN
campo de control 20230906162945.0
007 - CAMPO FIJO DE DESCRIPCIÓN FÍSICA--INFORMACIÓN GENERAL
campo de control de longitud fija t|
008 - DATOS DE LONGITUD FIJA--INFORMACIÓN GENERAL
campo de control de longitud fija 031205s1908 fr ||||1| fre d
100 1# - ENTRADA PRINCIPAL--NOMBRE DE PERSONA
Nombre de persona Bertrand, Adrien.
9 (RLIN) 28515
245 10 - MENCIÓN DEL TÍTULO
Título Catulle Mendès
Resto del título : biographie critique... /
Mención de responsabilidad, etc. par Adrien Bertrand.
250 ## - MENCION DE EDICION
Mención de edición 2e éd.
260 ## - PUBLICACIÓN, DISTRIBUCIÓN, ETC.
Lugar de publicación, distribución, etc. Paris :
Nombre del editor, distribuidor, etc. E. Sansot,
Fecha de publicación, distribución, etc. 1908.
300 ## - DESCRIPCIÓN FÍSICA
Extensión 62 p. :
Otras características físicas retr. ;
Dimensiones 18 cm.
490 1# - MENCIÓN DE SERIE
Mención de serie Les célébrités d'aujourd'hui
830 0# - PUNTO DE ACCESO ADICIONAL DE SERIE-TÍTULO UNIFORME
Título uniforme Les célébrités d'aujourd'hui
9 (RLIN) 180788
852 ## - LOCALIZACIÓN
Ubicación ES-MaACL
Número de control de estantería D-758(3)
Holdings
Estatus retirado Estado de pérdida Estado de daño No para préstamo Biblioteca de origen Biblioteca actual Ubicación en estantería Fecha de adquisición Fuente de adquisición Total de préstamos Signatura topográfica completa Código de barras Visto por última vez Precio de reemplazo Tipo de ítem Koha
        Biblioteca del Ateneo de Madrid Biblioteca del Ateneo de Madrid Sala Valle Inclán 17/01/2008     D-758(3) 901057210 23/02/2023 23/02/2023 Libro impreso